| 000 | 00966 a2200265 4500 | ||
|---|---|---|---|
| 003 | Nust | ||
| 005 | 20170207154010.0 | ||
| 010 | _a 98015676 | ||
| 020 | _a0138690170 | ||
| 040 | _cNust | ||
| 082 | 0 | 0 | _a005.8 |
| 100 | 1 | _aStallings, William. | |
| 245 | 1 | 0 |
_aCryptography and network security (E-BOOK) _bprinciples and practice / _cWilliam Stallings. |
| 250 | _a2nd ed. | ||
| 260 |
_aUpper Saddle River, N.J. : _bPrentice Hall, _cc1999. |
||
| 300 |
_axvii, 569 p. : _bill. ; _c24 cm. |
||
| 500 | _aRev. ed of: Network and internetwork security. | ||
| 505 | _aPART-1: Symmetric Ciphers (Page-26) PART-2: Public-Key Encryption and Hash Functions (Page-2632 PART-3: Network Security Applications (Page-398) PART-4: System Security (Page-563) | ||
| 650 | 0 | _aCoding theory. | |
| 650 | 0 |
_aComputer networks _xSecurity measures. |
|
| 650 | 0 | _aComputer security. | |
| 650 | 0 | _aData encryption (Computer science) | |
| 651 | _aE-BOOK | ||
| 700 | 1 | _aStallings, William. | |
| 942 |
_2ddc _cBK |
||
| 999 |
_c191161 _d191161 |
||